| 000 | 00920nam a22003017a 4500 | ||
|---|---|---|---|
| 001 | 00260 | ||
| 003 | DO-SdBNP | ||
| 005 | 20180220093634.0 | ||
| 008 | 151023b 1992 sp a |||| 00| 0 spa d | ||
| 020 | _a8434816555 | ||
| 040 |
_aBPMSU _bspa _cBPMSU |
||
| 041 | 1 | 7 |
_aspa _heng |
| 100 | 1 |
_aBennett, Jack, _d1934- |
|
| 240 | 1 | 0 |
_aThe voyage of the Lucky Dragon / _leng. |
| 245 | 1 | 0 |
_aEl viaje del Lucky Dragon / _cJack Bennett ; traducción del inglés Blanca Aguirre ; ilustraciones Julia Díaz. |
| 250 | _a6a. ed. | ||
| 260 |
_aMadrid : _bEdiciones SM, _c1992. |
||
| 300 |
_a160 p. : _bil. _c19 cm. |
||
| 490 | 1 |
_aEl barco de vapor _l28 _6Serie Roja |
|
| 521 | _aA partir de 12 años. | ||
| 700 | 1 | 2 |
_aAguirre, Blanca, _etr. |
| 700 | 1 | 2 |
_aDíaz, Julia, _eil. |
| 830 | 0 |
_aEl barco de vapor _n23 _gSerie Roja |
|
| 910 | _a00260 | ||
| 942 |
_2ddc _cBK |
||
| 945 | _aBND01 | ||
| 956 |
_aYLOCKWARD _b10 _cBPMSU |
||
| 999 |
_c8450 _d8450 |
||